Giáo trình thực tập sinh hóa
Giáo trình cung cấp các kiến thức cơ bản trong thí nghiệm sinh hóa và các phương pháp thí nghiệm để khảo sát carbohydrate, lipid, amino acid...
Gespeichert in:
| 1. Verfasser: | |
|---|---|
| Format: | Buch |
| Sprache: | Undetermined |
| Veröffentlicht: |
Cần Thơ
Trường Đại học Cần Thơ
2006
|
| Schlagworte: | |
| Tags: |
Tag hinzufügen
Keine Tags, Fügen Sie den ersten Tag hinzu!
|
| Thư viện lưu trữ: | Trung tâm Học liệu Trường Đại học Cần Thơ |
|---|
| LEADER | 00850nam a2200217Ia 4500 | ||
|---|---|---|---|
| 001 | CTU_118079 | ||
| 008 | 210402s9999 xx 000 0 und d | ||
| 082 | |a 572 | ||
| 082 | |b Ch464 | ||
| 100 | |a Nguyễn, Minh Chơn | ||
| 245 | 0 | |a Giáo trình thực tập sinh hóa | |
| 245 | 0 | |c Nguyễn Minh Chơn, Phan Thị Bích Trân, Nguyễn Thị Thu Thuỷ | |
| 260 | |a Cần Thơ | ||
| 260 | |b Trường Đại học Cần Thơ | ||
| 260 | |c 2006 | ||
| 520 | |a Giáo trình cung cấp các kiến thức cơ bản trong thí nghiệm sinh hóa và các phương pháp thí nghiệm để khảo sát carbohydrate, lipid, amino acid... | ||
| 526 | |a TT. Sinh hóa | ||
| 526 | |b NN124 | ||
| 650 | |a Biochemistry | ||
| 904 | |i Tuyến | ||
| 980 | |a Trung tâm Học liệu Trường Đại học Cần Thơ | ||